The Sony vision
History of Sony electronic
সংরক্ষণ করুন:
| প্রধান লেখক: | |
|---|---|
| বিন্যাস: | গ্রন্থ |
| ভাষা: | Undetermined |
| প্রকাশিত: |
New York
Crown Publishers
1976
|
| বিষয়গুলি: | |
| ট্যাগগুলো: |
ট্যাগ যুক্ত করুন
কোনো ট্যাগ নেই, প্রথমজন হিসাবে ট্যাগ করুন!
|
| Thư viện lưu trữ: | Trung tâm Học liệu Trường Đại học Cần Thơ |
|---|
| LEADER | 00618nam a2200217Ia 4500 | ||
|---|---|---|---|
| 001 | CTU_219571 | ||
| 008 | 210402s9999 xx 000 0 und d | ||
| 082 | |a 338.7 | ||
| 082 | |b L991 | ||
| 100 | |a Lyons, Nick | ||
| 245 | 4 | |a The Sony vision | |
| 245 | 0 | |c Nick Lyons | |
| 260 | |a New York | ||
| 260 | |b Crown Publishers | ||
| 260 | |c 1976 | ||
| 520 | |a History of Sony electronic | ||
| 650 | |a Ngành công nghiệp điện tử,Electronic industries | ||
| 650 | |x Lịch sử,History | ||
| 650 | |z Nhật Bản,Japan | ||
| 904 | |i Nguyên | ||
| 980 | |a Trung tâm Học liệu Trường Đại học Cần Thơ | ||